Đồ họa ứng dụng

Uloženo v:
Podrobná bibliografie
Hlavní autoři:  Bùi, Thành Khoa,  Đồ họa ứng dụng
Médium: Sách
Jazyk:Undetermined
Vydáno:  Đại học Công nghiệp TP. Hồ Chí Minh  2024
Témata:
Tagy: Přidat tag
Žádné tagy, Buďte první, kdo otaguje tento záznam!
Thư viện lưu trữ: Trung tâm Thư viện - Trường Đại học Công nghiệp TP. Hồ Chí Minh
LEADER 00528nam a2200157Ia 4500
001 UIH_08213
008 241002s9999 xx 000 0 und d
082 |a  006.6 
100 |a  Bùi, Thành Khoa 
100 |a  Đồ họa ứng dụng 
245 0 |a  Đồ họa ứng dụng 
260 |b  Đại học Công nghiệp TP. Hồ Chí Minh 
260 |c  2024 
650 |a Đồ họa máy tính 
927 |a Sách 
980 |a Trung tâm Thư viện - Trường Đại học Công nghiệp TP. Hồ Chí Minh